Statistics for WWII Trivia #1

Click here to take the quiz!

General Stats

  • This quiz has been taken 132,295 times
    (90,239 since last reset)
  • The average score is 18 of 24

Answer Stats

HintAnswer% Correct
Country invaded by Germany
on September 1, 1939
Poland
98%
German führerAdolf Hitler
93%
British Prime Minister
(for most of the war)
Winston Churchill
92%
Russian dictatorJoseph Stalin
91%
Italian duceBenito Mussolini
86%
German word for "lightning war"Blitzkrieg
85%
Term for Japanese suicide bombersKamikaze
85%
President of the U.S.Franklin D. Roosevelt
83%
Largest concentration campAuschwitz
82%
Name for June 6, 1944D-Day
82%
Name of the German air forceLuftwaffe
77%
The U.S. nuclear program{Manhattan} Project
75%
Term for a German submarineU-Boat
73%
English translation of "panzer"Tank
72%
What the V stands for in
V-E day
Victory
71%
Town from where the British
evacuated France in 1940
Dunkirk
68%
German encryption machine cracked
by British & Polish codebreakers
Enigma
67%
President of the U.S.Harry Truman
67%
British KingGeorge VI
65%
Japanese emperorHirohito
63%
Supreme Allied
commander in Europe
Dwight Eisenhower
60%
Turning point of the Pacific theaterBattle of {Midway}
59%
German city that was firebombed in
February 1945, killing 25,000
Dresden
57%
December 7, 1941,
a date that will live in ...
Infamy
55%

Score Distribution

Percentile by Number Answered

Percent of People with Each Score

Your Score History

You have not taken this quiz since the last reset